000 00767nam a2200229 i 4500
003 crsjilan
005 20260116124109.0
008 260116b2016 mx ||||gr|||| 00| 0 spa d
020 _a9786077292142
040 _acrsjilan
_bspa
_ccrsjilan
_erda
041 0 _aspa
082 0 _a341.481 086 927
_bV718c
100 1 _aVillanueva, Ruth
_ecoordinadora
_9181
245 1 _aCompilación de Instrumentos Internacionales sobre Derechos Humanos de las Personas en Reclusión
250 _aPrimera edición
264 1 _aCiudad de México, México :
_bComisión Nacional de los Derechos Humanos ,
_c2016
300 _a363 páginas ;
_c22 cm
336 _2rdacontent
_atexto
337 _2rdamedia
_asin mediación
338 _2rdacarrier
_avolumen
942 _2ddc
_n1
_cLIBRO
999 _c136
_d136